| 000 | 00611nam a2200145Ia 4500 | ||
|---|---|---|---|
| 008 | 151213s9999 xx 000 0 und d | ||
| 100 | _aপ্রমোদ বন্ধু সেনগুপ্ত। | ||
| 245 |
_aপাশ্চাত্য দর্শন। _cপ্রমোদ বন্ধু সেনগুপ্ত। |
||
| 260 |
_aপশ্চিম বঙ্গ। _bব্যানার্জি পাবলিশারস্ _c1978 |
||
| 300 | _a8686 p. | ||
| 650 | _aBangla | ||
| 650 | _aদর্শন | ||
| 700 | _aপ্রমোদ বন্ধু সেনগুপ্ত। | ||
| 999 |
_c4472 _d4472 |
||